Tolerancia y laicismo (Record no. 156544)

MARC details
000 -LEADER
fixed length control field 00676nam a2200205 4500
005 - DATE AND TIME OF LATEST TRANSACTION
control field 20211021142920.0
008 - FIXED-LENGTH DATA ELEMENTS--GENERAL INFORMATION
fixed length control field 210628b ag ||||| |||| 00| 0 spa d
020 ## - INTERNATIONAL STANDARD BOOK NUMBER
International Standard Book Number 9871074204
050 04 - LIBRARY OF CONGRESS CALL NUMBER
Classification number K3280
Item number K56 2005
100 1# - MAIN ENTRY--PERSONAL NAME
Personal name Kintzler, Catherine.
245 10 - TITLE STATEMENT
Title Tolerancia y laicismo
Statement of responsibility, etc / Catherine Kintzler, ; traducción María Elena Ladd
250 ## - EDITION STATEMENT
Edition statement 1a ed.
260 ## - PUBLICATION, DISTRIBUTION, ETC. (IMPRINT)
Place of publication, distribution, etc Buenos Aires, Argentina :
Name of publisher, distributor, etc Ediciones Del Signo,
Date of publication, distribution, etc 2005.
300 ## - PHYSICAL DESCRIPTION
Extent 57 p. ;
Dimensions 21 cm.
440 ## - SERIES STATEMENT/ADDED ENTRY--TITLE
Title Colección Razón Política / Educación
500 ## - GENERAL NOTE
General note Titulo original : Tolérance et Laïcité.
650 #7 - SUBJECT ADDED ENTRY--TOPICAL TERM
Source of heading or term lemb
Topical term or geographic name as entry element Laicismo
700 1# - ADDED ENTRY--PERSONAL NAME
Personal name Ladd María Elena.
Relator term tr.
942 ## - ADDED ENTRY ELEMENTS (KOHA)
Source of classification or shelving scheme Biblioteca del Cogreso de los Estados Unidos
Koha item type Libro
Holdings
Estado de pérdida Fuente de clasificación Estado del daño No para préstamo Ubicación permanente Ubicación actual Apartado o colección Fecha de adquisición Edición Área del conocimiento Total Checkouts Clasificación Código de Barras Date last seen Número de copia Costo por reposición Tipo de recurso
  Biblioteca del Cogreso de los Estados Unidos     Biblioteca del Instituto de Investigaciones Históricas Biblioteca del Instituto de Investigaciones Históricas General 29/06/2021 1a ed. Ciencias Sociales y Administrativas   K3280 K56 2005 IIH000030226 29/06/2021 C:1 1.00 Libro